Catálogo público

Investigación de mercados : un enfoque práctico / (Record no. 173079)

MARC details
000 -CABECERA
campo de control de longitud fija 01173nam a2200349Ia 4500
001 - NÚMERO DE CONTROL
campo de control dia_2561
003 - IDENTIFICADOR DEL NÚMERO DE CONTROL
campo de control CHAP
005 - FECHA Y HORA DE LA ÚLTIMA TRANSACCIÓN
campo de control 20230516131642.0
008 - DATOS DE LONGITUD FIJA--INFORMACIÓN GENERAL
campo de control de longitud fija 220117s1997 xx 000 0 und d
010 ## - NÚMERO DE CONTROL DE LA BIBLIOTECA DEL CONGRESO
Número de control de LC 173079
020 ## - NÚMERO INTERNACIONAL ESTÁNDAR DEL LIBRO
Número Internacional Estándar del Libro 968-880-844-X
040 ## - FUENTE DE LA CATALOGACIÓN
Centro/agencia transcriptor CHAP
082 ## - NÚMERO DE LA CLASIFICACIÓN DECIMAL DEWEY
Número de clasificación 658.8 M35 1997
100 ## - ENTRADA PRINCIPAL--NOMBRE DE PERSONA
Nombre de persona Malhotra, Naresh K.
9 (RLIN) 153139
245 ## - MENCIÓN DE TÍTULO
Título Investigación de mercados : un enfoque práctico /
Mención de responsabilidad, etc. Naresh K. Malhotra ; traducción Verania de Parres Cárdenas
250 ## - MENCIÓN DE EDICIÓN
Mención de edición 2a ed.
260 ## - PUBLICACIÓN, DISTRIBUCIÓN, ETC.
Lugar de publicación, distribución, etc. México :
Nombre del editor, distribuidor, etc. Prentice-Hall Hispanoamericana,
Fecha de publicación, distribución, etc. 1997
300 ## - DESCRIPCIÓN FÍSICA
Extensión xxxv, 890 p.
500 ## - NOTA GENERAL
Nota general Título original: Marketing research: an applied orientation.
503 ## - NOTA DE HISTORIA BIBLIOGRÁFICA (BK CF MU) [OBSOLETO]
Nota de historia bibliográfica I. 203165
504 ## - NOTA DE BIBLIOGRAFÍA, ETC.
Nota de bibliografía, etc. Incluye bibliografías.
590 ## - NOTA LOCAL (RLIN)
Nota local HF5415.2 M35 1997
650 ## - PUNTO DE ACCESO ADICIONAL DE MATERIA--TÉRMINO DE MATERIA
Término de materia o nombre geográfico como elemento de entrada Investigación de mercado
9 (RLIN) 149902
650 ## - PUNTO DE ACCESO ADICIONAL DE MATERIA--TÉRMINO DE MATERIA
Término de materia o nombre geográfico como elemento de entrada Marketing research
9 (RLIN) 153140
650 ## - PUNTO DE ACCESO ADICIONAL DE MATERIA--TÉRMINO DE MATERIA
Término de materia o nombre geográfico como elemento de entrada Marketing research
Subdivisión general Methodology
9 (RLIN) 153141
650 ## - PUNTO DE ACCESO ADICIONAL DE MATERIA--TÉRMINO DE MATERIA
Término de materia o nombre geográfico como elemento de entrada Mercadotecnia
Subdivisión general Administración
9 (RLIN) 148135
700 ## - PUNTO DE ACCESO ADICIONAL--NOMBRE DE PERSONA
Nombre de persona Parres Cárdenas, Verania de, tr.
9 (RLIN) 153142
901 ## - ELEMENTOS DE DATOS A LOCAL LDA (RLIN)
a 658.8 M35 1997
902 ## - ELEMENTOS DE DATOS B LOCAL, LDB (RLIN)
a M
905 ## - ELEMENTOS DE DATOS E LOCAL, LDE (RLIN)
a 5232271997 mx aimn8222223322spa16
942 ## - ELEMENTOS DE PUNTO DE ACCESO ADICIONAL (KOHA)
Tipo de ítem Koha Libro
Fuente del sistema de clasificación o colocación Dewey Decimal Classification
Holdings
Estado de retiro Estado de pérdida Fuente del sistema de clasificación o colocación Estado dañado Restricciones de uso No para préstamo Código de colección Localización permanente Ubicación/localización actual Fecha de adquisición Fuente de adquisición Coste, precio normal de compra Número de inventario Total de préstamos Signatura topográfica completa Código de barras Fecha visto por última vez Número de copia Tipo de ítem Koha
    Dewey Decimal Classification   Préstamo interno   General Ingenieria Agroindustrial Ingenieria Agroindustrial 06/02/2000 Compra Librería Patena F.134385 / Res. 45675 (18-Feb-2000) 257.00 203165   658.8 M35 1997 dia_004774 18/01/2022 Ej. 1 Libro